Psicología de las edades: del nacer al morir

-д хадгалсан:
Номзүйн дэлгэрэнгүй
Үндсэн зохиолчид: Katz, David (Зохиогч), Piaget, Jean (Зохиогч), Inhelder, Bärbel (Зохиогч), Busemann, Adolf (Зохиогч)
Формат: Ном
Хэл сонгох:испани
Хэвлэсэн: Madrid Morata 1960
Цуврал:Colección psicología
Нөхцлүүд:
Шошгууд: Шошго нэмэх
Шошго байхгүй, Энэхүү баримтыг шошголох эхний хүн болох!

MARC

LEADER 00000nam a2200000 a 4500
001 UCY5683
003 CL-VaPUC
008 950512e19600000SP |||||||||||||||||spa|d
082 0 4 |a 155  |b KATZ  |2 21 
100 |a Katz, David  |e author  |9 334760 
700 0 |a Piaget, Jean  |e author  |9 308149 
700 |a Inhelder, Bärbel  |e author  |9 585720 
700 0 |a Busemann, Adolf  |e author  |9 334762 
245 1 0 |a Psicología de las edades: del nacer al morir 
300 |a 142 p 
942 |c BK 
945 |d 19950512 00:00:00  |a mfernand 
260 |a Madrid  |b Morata  |c 1960 
650 0 |a Psicología del desarrollo  |9 307541 
650 0 |a Psicología del niño  |9 307305 
650 0 |a Psicología del adolescente   |9 307864 
650 7 |a PSICOLOGIA DE LOS ADULTOS  |2 CL-VaPUC  |9 334763 
650 7 |a PSICOLOGIA GERIATRICA  |2 CL-VaPUC  |9 334631 
650 7 |a COMPORTAMIENTO ANIMAL  |2 CL-VaPUC  |9 334602 
650 0 |a Psicología clínica  |9 307259 
650 7 |a ETNOPSICOLOGIA  |2 CL-VaPUC  |9 309927 
583 |a last modification  |c 20130101 09:05:46  |k Rodrigo Vera 
490 0 |a Colección psicología 
999 |c 233311  |d 233309 
952 |0 0  |1 0  |4 0  |6 155_000000000000000_KATZ_1960  |7 0  |8 P  |9 238738  |a BIBEDU  |b BIBEDU  |c BIBEDU_PB  |d 2019-11-18  |i 1505068  |o 155 KATZ 1960  |p 1505068  |r 2024-01-25  |w 2019-11-18  |y BK  |k EDU 
952 |0 0  |1 0  |4 0  |6 155_000000000000000_KATZ_1960  |7 0  |8 P  |9 238739  |a BIBEDU  |b BIBEDU  |c BIBEDU_PB  |d 2019-11-18  |i 1508547  |o 155 KATZ 1960  |p 1508547  |r 2024-01-25  |w 2019-11-18  |y BK  |k EDU